Relación literatura-sociedad: una aproximación teórica /

Sparad:
Bibliografiska uppgifter
Huvudupphovsman: Alfaro Vargas, Roy
Materialtyp: Text
Ämnen:
Taggar: Lägg till en tagg
Inga taggar, Lägg till första taggen!

MARC

LEADER 00000 a a2200000 04500
001 14513
003
040
100 |a Alfaro Vargas, Roy  
245 |a Relación literatura-sociedad:   |b una aproximación teórica /  |c Roy Alfaro Vargas 
650 |a LITERATURA  
650 |a SOCIOLOGIA  
650 |a TEORIA  
773 |g número 108 (II); páginas 71-78  
999 |c 25231  |d 25231 
773 0 |0 18728  |9 3032  |a Universidad de Costa Rica  |d San José, Costa Rica Editorial UCR 1956-  |o 02389  |t Revista de Ciencias Sociales/  |x 04825276